| 000 | 01451nam a2200337 i 4500 | ||
|---|---|---|---|
| 003 | DO-SdBNP | ||
| 005 | 20240524145202.0 | ||
| 007 | ta | ||
| 008 | 220617b2011 dr ||||| |||| 00| 0 spa d | ||
| 020 | _a9789945469448 | ||
| 040 |
_aDO-SdBNP _bspa _cBNPHU _erda |
||
| 082 | 4 |
_a972.9358 _bP979e, 2011 _222 |
|
| 100 | 1 |
_aPuig Ortiz, José Augusto, _953284 _d1915-1981 _eautor |
|
| 245 | 1 | 0 |
_aEmigración de libertos norteamericanos a Puerto Plata en la primera mitad del siglo XIX : _bla iglesia metodista Wesleyana / _cJosé Augusto Puig Ortiz. |
| 264 |
_aSanto Domingo : _bNacional, _c2011. |
||
| 300 |
_a172 páginas ; _c22 cm. |
||
| 336 |
_2rdacontent _atexto _btxt |
||
| 337 |
_2rdamedia _asin mediación _bn |
||
| 338 |
_2rdacarrier _avolumen _bnc |
||
| 500 | _aIncluye índice de personas, lugares y materias | ||
| 500 | _aIncluye datos biográficos del autor en la solapa de la cubierta. | ||
| 504 | _aBibliografía : p. 169-172 | ||
| 590 | _aInventariado, 2022/BT | ||
| 610 | 1 | 4 |
_a Iglesia Metodista Wesleyana (Puerto Plata, República Domincana ) _981874 |
| 650 | 4 |
_aNegros _953285 _zRepública Dominicana _xHistoria |
|
| 651 | 4 |
_aRepública Dominicana _xEmigración e inmigración _xHistoria _ySiglo XIX _953287 |
|
| 651 | 4 |
_aEstados Unidos _xEmigración e inmigración _xHistoria _ySiglo XIX _953288 |
|
| 651 | 4 |
_aPuerto Plata (República Dominicana) _xHistoria _981875 |
|
| 910 | _aBtavárez/Validado. Control de calidad MFF | ||
| 942 |
_2ddc _cLBS1 |
||
| 999 |
_c52054 _d52054 |
||